000 00549nam a2200205Ia 4500
003 OSt
005 20230511161622.0
008 210423s2006 xx 000 0 und d
020 _a8181478150
040 _cAL
041 _aeng
082 _a574.3
_223
_bGIBM
100 _aGIBBS (Melissa).
_9103894
245 _aPractical guide to developmental biology.
260 _aNew Delhi
_bOxford University Press
_c2006
300 _aviii,118
_bPB
365 _b495
_cINR
906 _abiology. ; developmental ; guide ; Practical
942 _2ddc
_cBK
999 _c164335
_d164335